000
00269nam a2200109Ia 4500
008
190216s9999||||xx |||||||||||||| ||und||
100
_a
Basu & Das
245
0
_a
Practice In Accounting
260
_b
Publications Division Govt. Of India
300
_a
758p
942
_c
BK
999
_c
4299
_d
4299